000 00627nam a2200181 i 4500
001 72550
003 ES-MaACL
005 20250822012741.0
007 t|
008 040901s1961 sp ||||1| spa d
100 1 _aGlass, D. V.
_957402
245 1 4 _aLas Ciencias Sociales en la enseñanza superior
_b: Demografía /
_cpor D.V. Glass ; traducción española del Dr. Alvarez de Linera.
260 _a[Madrid] :
_bConsejo Superior de Investigaciones Científicas,
_c[1961]
300 _a221 p. ;
_c18 cm.
700 1 _aÁlvarez de Linera, Antonio,
_d1888-1961
_9149717
852 _aES-MaACL
_jC-20924
999 _c72550
_d72550